000 00773nam a22002297a 4500
005 20170123162316.0
010 _aA-279771
020 _c50.00
035 _aA-279771
037 _bCen Lib/Ret
040 _aDPL
_bUR
082 _a847
_bط ا ه
100 _aطاہر تونسوی
_9809
245 _aطنزو مزاح :
_cطاہر تونسوی
_bتاریخ تنقید /
246 _aTanzu mazah : tareekh v tanqeed /
_bby Tahir Tansavi
260 _aنیی دہلی
_bماہنامہ شان ا ہند
_c1986
270 _bنیی دہلی
_aانصاری مارکیٹ دریاگنج
_e110002
300 _a163p.
_c21cm(Hb)
650 _aاردو ادب
_9114399
650 _aUrdu literature
_9114400
942 _2ddc
_cUR
_h847
_mط ا ه
999 _c106705
_d106705